01014 a2200169 45000010006000000050017000060080041000230030015000640400040000790800073001192450059001922500011002512640051002623000019003135050487003321000025008193840320260407155647.0260407a1975 arg spa dAR-UNSa-BCEJYS aAR-UNSa-BCEJYSbspacAR-UNSa-BCEJYS a658.8xOrganización de mercados. Marketing. Ventas. Distribución10aDecisiones en comercializaciónpteoría y técnica a2a. ed 1aBuenos Aires :bEdiciones Macchi-Lópezc1975 a571 p.c23 cm. a1. El subsistema de comercilización: Microadministración - 2. Teoría y técnicas - 3. Modelos de decisión - 4. Modelos de planeamiento - 5. Modelos de comportamiento - 6. Variables controlables: Producto - 7. Variables controlables: Precios - 8. Variables controlables: Fuerza de ventas - 9. Variables controlables : Publicidad - 10. Variables controlables: Canales de distribución - 11. Investigaciones de comercialización - 12. Organización - 13. Modelos de control1 aBogo, Héctor Mario